Statistiques concernant Les films avec des dragons

Cliquez ici pour prendre le quiz!

Statistiques générales

  • Ce quiz a été pris 144 fois
  • Le résultat moyen est 7 sur 16

Statistiques - réponses

Réponse% Correct
Shrek
90%
Dragons
89%
Le Hobbit: La désolation de Smaug
75%
Harry Potter et la Coupe de feu
67%
Le Voyage de Chihiro
61%
La Belle au bois dormant
60%
Raya et le Dernier Dragon
55%
Merlin l'Enchanteur
53%
Eragon
45%
L'Histoire sans Fin
41%
Peter et Elliott le dragon
34%
Sucker Punch
14%
Cœur de dragon
10%
Shazam! La Rage des Dieux
10%
Donjons et Dragons : L'Honneur des voleurs
8%
Shang-Chi et la Légende des Dix Anneaux
6%

Distribution des résultats

Percentile par nombre de réponses

% des personnes avec chaque résultat

Votre développement - résultats

Vous n’avez pas pris ce quiz